Шифртелеграмма временного поверенного в делах СССР в Латвии И. А. Чичаева в НКИД СССР о некоторых фактах по "подготовке выступле...

RUSMARC
00004177cbm0a2200289#x 450
001ee11a199-2080-4475-9a1c-cddaba89761c
00520210805113059.0
100##$a20210712j19400219k###0rusy50 ca
1010#$arus
102##$aLV
1220#$ad19400219##
2001#$aШифртелеграмма временного поверенного в делах СССР в Латвии И. А. Чичаева в НКИД СССР о некоторых фактах по "подготовке выступления против СССР" со стороны Латвии
$j19 февраля 1940 г.
251##$cДокумент
300##$aЗаверенная копия
461#0$12001
$aФ. 059
$1251
$cФонд
$1852
$j059
462#0$12001
$aОп. 1. П. 329
$1251
$cОпись
$1852
$j1. П. 329
462#0$12001
$aД. 2263
$vЛ. 53
$1251
$cДело
$1852
$j2263
605##$2prlib_sh
$3LIBNET\UAF\0000088514
$aВторая мировая война в архивных документах (Комплекс оцифрованных архивных документов, кино- и фотоматериалов)
$lколлекция
617##$2prlib_sh
$aСССР
$f1940
617##$2prlib_sh
$aЛатвия
$f1940
686##$a63.3(2)621-64ю11
$vLBC/M
$2rubbk
686##$a63.3(4Лат)621-64ю11
$vLBC/M
$2rubbk
801#0$aRU
$bПБ им. Б.Н. Ельцина
$c20210712
801#1$aRU
$bПБ им. Б.Н. Ельцина
$c20210712
$2rusmarc
801#2$aRU
$bПБ им. Б.Н. Ельцина
$c20210805
$2rusmarc
850##$aАрхив внешней политики Российской Федерации
852##$aАВП РФ
$jЛ. 53
035##$aLIBNET\0001168507
937##$d166979567
$hФедеральное архивное агентство
8564#$uhttp://readingroom.main.prlib.ru/item.aspx?id_node=n166979567&mode=full
Формат отображения